Co sponzorovat, jak a za kolik
Niektoré základné zásady pre správny výber sponzorovanej akcie. Sponzoring a podpora obchodnej stratégie. Investície do sponzoringu. Zhodnotenie efektivity sponzoringu.
Salvato in:
| Autore principale: | |
|---|---|
| Altri autori: | |
| Natura: | Capitolo di libro |
| Lingua: | ceco |
| Soggetti: | |
| Tags: |
Nessun Tag, puoi essere il primo ad aggiungerne!!
|
MARC
| LEADER | 00000naa$a2200000$$$4500 | ||
|---|---|---|---|
| 001 | 0086632 | ||
| 005 | 20231018131209.3 | ||
| 041 | 0 | |a cze | |
| 044 | |a CZ | ||
| 245 | 1 | 0 | |a Co sponzorovat, jak a za kolik |c Tim Jackson, Christian Dorffer |
| 520 | |a Niektoré základné zásady pre správny výber sponzorovanej akcie. Sponzoring a podpora obchodnej stratégie. Investície do sponzoringu. Zhodnotenie efektivity sponzoringu. | ||
| 610 | 2 | 0 | |a sponzorovanie |
| 610 | 2 | 0 | |a financie |
| 610 | 2 | 0 | |a investície |
| 610 | 2 | 0 | |a stratégia obchodná |
| 610 | 2 | 0 | |a značky výrobkov |
| 610 | 2 | 0 | |a efektívnosť |
| 100 | 1 | |a Jackson, Tim | |
| 700 | 1 | |a Dorffer, Christian | |